| 000 | 00557nam a2200217Ia 4500 | ||
|---|---|---|---|
| 003 | OSt | ||
| 005 | 20220928145445.0 | ||
| 006 | a|||||r|||| 00| 0 | ||
| 007 | ta | ||
| 008 | 220927b |||||||| |||| 00| 0 eng d | ||
| 024 | _a80621 | ||
| 037 | _cTextual | ||
| 040 |
_aSDCL _cSDCL _beng |
||
| 041 |
_2eng _aeng |
||
| 082 | _aY15-49.3'K, M9 | ||
| 100 |
_aClark Alice _9512990 |
||
| 245 | 0 | _aWorking life of woman in the seventeeth century | |
| 260 | _c1989 | ||
| 942 |
_hY15-49.3'K, M9 _cTEXL _2CC |
||
| 999 |
_c833639 _d833639 |
||